000 00526nam a2200205Ia 4500
008 180523s9999 xx 000 0 und d
020 _a9814-12-627-6
050 _aMAIN HD 69.P75
050 _b.D44 2001 c.2
100 _aDeeprose, Donna.
245 0 _aSmart things to know about :
245 0 _bmanaging projects /
245 0 _cDonna Deeprose.
260 _aUnited Kingdom :
260 _bCapstone Publishing,
260 _c2001
300 _a242 pages :
300 _c21 cm.
650 _aProject management.
999 _c356970
_d356970